000 00427nam a2200157Ia 4500
005 20260122095355.0
008 260121s9999||||xx |||||||||||||| ||und||
020 _a9781666871227
082 _a658.3
_bSTE
100 _aStephen
245 0 _aStrategic role of human resoruce management /
_cStephen
260 _aWilmington :
_bAmercian,
_c2024.
300 _ax, 313 p.; hb
650 _aHuman resource management
942 _cTB
999 _c47133
_d47133